Lataa...
Revolutionary politics and indian freedom movement/
| Päätekijä: | |
|---|---|
| Aineistotyyppi: | Printed Book |
| Kieli: | English |
| Julkaistu: |
Jaipur:
Book enclave,
1999.
|
| LEADER | 00530nam a22001577a 4500 | ||
|---|---|---|---|
| 003 | OSt | ||
| 008 | 170215b xxu||||| |||| 00| 0 eng d | ||
| 020 | |a 81-87036-40-0 | ||
| 082 | |a 954 MOH/R | ||
| 100 | |a Mohan, Krishan | ||
| 245 | |a Revolutionary politics and indian freedom movement/ | ||
| 260 | |a Jaipur: |b Book enclave, |c 1999. | ||
| 300 | |a 184p. | ||
| 942 | |2 ddc |c BK | ||
| 999 | |c 339955 |d 339955 | ||
| 952 | |0 0 |1 0 |4 0 |6 954_000000000000000_MOH_R |7 0 |9 390336 |a POL |b POL |c ST1 |d 2011-10-24 |g 0.00 |i POL213 |l 0 |o 954 MOH/R |p POL213 |r 2015-03-04 |w 2018-08-20 |y BK | ||